[Event "4NCL Division 2a"]
[Site "Reading, ENG"]
[Date "2016.11.20"]
[Round "2.11"]
[White "Buckley, David E"]
[Black "Stewart, Ashley"]
[Result "0-1"]
[WhiteElo "2287"]
[BlackElo "2078"]
[PlyCount "57"]
[EventDate "2016.11.20"]
[WhiteTeam "Downend & Fishponds"]
[BlackTeam "Barbican 4NCL Youth"]

1. d4 Nf6 2. c4 g6 3. Nc3 Bg7 4. e4 d6 5. f4 O-O 6. Nf3 c5 7. dxc5 dxc5 8. Bd3
Nc6 9. e5 Nb4 10. Bb1 Qxd1+ 11. Kxd1 Ng4 12. Ke2 Be6 13. b3 f6 14. h3 Nh6 15.
Bb2 fxe5 16. fxe5 Nf5 17. Ne4 Nc6 18. Rd1 Nfd4+ 19. Nxd4 Nxd4+ 20. Bxd4 cxd4
21. Ng5 Bd7 22. Be4 Bxe5 23. Bxb7 d3+ 24. Rxd3 Bxa1 25. Rxd7 Rab8 26. Bd5+ Kh8
27. Rxe7 Rfe8 28. Nf7+ Kg8 29. Nd6+ 0-1

[Event "4NCL Division 2a"]
[Site "Reading, ENG"]
[Date "2016.11.20"]
[Round "2.12"]
[White "Harari, Zaki"]
[Black "Russell, Christopher"]
[Result "1-0"]
[WhiteElo "2094"]
[BlackElo "2123"]
[PlyCount "49"]
[EventDate "2016.11.20"]
[WhiteTeam "Barbican 4NCL Youth"]
[BlackTeam "Downend & Fishponds"]

1. e4 e6 2. d4 d5 3. Nc3 Bb4 4. a3 Bxc3+ 5. bxc3 dxe4 6. Qg4 Nf6 7. Qxg7 Rg8 8.
Qh6 Nbd7 9. Ne2 b6 10. a4 Bb7 11. a5 c5 12. dxc5 bxc5 13. Ng3 Bc6 14. Be2 Rg6
15. Qh3 Qc7 16. O-O Qe5 17. Ra3 Nd5 18. f4 exf3 19. Bxf3 N7f6 20. Qh4 Rc8 21.
Bd2 Ne7 22. Bf4 Nf5 23. Qh3 Bxf3 24. Bxe5 Bg4 25. Rxf5 1-0

[Event "4NCL Division 2a"]
[Site "Reading, ENG"]
[Date "2016.11.20"]
[Round "2.13"]
[White "Makepeace, Philip J"]
[Black "Moss, Guy"]
[Result "0-1"]
[WhiteElo "2086"]
[BlackElo "2052"]
[PlyCount "124"]
[EventDate "2016.11.20"]
[WhiteTeam "Downend & Fishponds"]
[BlackTeam "Barbican 4NCL Youth"]

1. e4 c5 2. Nf3 d6 3. Bb5+ Bd7 4. Bxd7+ Qxd7 5. c4 Nc6 6. Nc3 Nf6 7. h3 g6 8.
O-O Bg7 9. d3 O-O 10. Be3 a6 11. Qd2 Rfb8 12. a4 e6 13. a5 Qc7 14. Bf4 Nd7 15.
Nd1 b6 16. axb6 Rxb6 17. Nc3 Nde5 18. Nxe5 Nxe5 19. Bxe5 Bxe5 20. Rfb1 Qb7 21.
Nd1 Rb3 22. Ra2 Bd4 23. Rba1 f5 24. exf5 gxf5 25. Qe2 Kh8 26. Qxe6 Rg8 27. Qd5
Qg7 28. Ra3 Rb7 29. Rxa6 Re7 30. Nc3 Bxf2+ 31. Kxf2 Qg3+ 32. Kg1 Re5 33. Ra8
Rxd5 34. Rxg8+ Kxg8 35. Nxd5 Qxd3 36. Ra8+ Kg7 37. Ra7+ Kh6 38. Ne7 Kg5 39. h4+
Kxh4 40. Kh2 Qg3+ 41. Kh1 Qe1+ 42. Kh2 Qe5+ 43. Kh1 Kg3 44. Ra3+ Kg4 45. Ra7
Qxb2 46. Kh2 f4 47. Ra8 Qe5 48. Rg8+ Kh5 49. Nd5 f3+ 50. Kh3 Qe6+ 51. g4+ Kh6
52. Rf8 Qe2 53. Nf4 Qxc4 54. Rf6+ Kg7 55. Nh5+ Kg8 56. Rxf3 Qe2 57. Kg3 c4 58.
Nf6+ Kf7 59. Nd5+ Kg7 60. Nf4 c3 61. Nh5+ Kg8 62. Nf6+ Kh8 0-1

[Event "4NCL Division 2a"]
[Site "Reading, ENG"]
[Date "2016.11.20"]
[Round "2.14"]
[White "Whatley, Stephen A J"]
[Black "Fry, Charles A"]
[Result "1-0"]
[WhiteElo "2121"]
[BlackElo "2092"]
[PlyCount "122"]
[EventDate "2016.11.20"]
[WhiteTeam "Barbican 4NCL Youth"]
[BlackTeam "Downend & Fishponds"]

1. d4 d5 2. Nf3 Nf6 3. Bg5 e6 4. Nbd2 h6 5. Bh4 Be7 6. e3 Nbd7 7. Bd3 c5 8. c3
Qc7 9. Qe2 e5 10. e4 cxd4 11. cxd4 dxe4 12. Nxe4 Bb4+ 13. Ned2 Bxd2+ 14. Nxd2
O-O 15. Bxf6 Nxf6 16. dxe5 Re8 17. Nc4 Qc5 18. O-O Bg4 19. Qe3 Qxe3 20. Nxe3
Rxe5 21. Nxg4 Nxg4 22. h3 Nf6 23. Rfe1 Rxe1+ 24. Rxe1 Rd8 25. Bc4 Rd4 26. Rc1
Rd2 27. b4 Ne4 28. Bb3 Rd7 29. Rc8+ Kh7 30. Bc2 f5 31. g4 g6 32. Bxe4 fxe4 33.
Re8 Rd2 34. a4 Rd7 35. Rxe4 Kg7 36. Kg2 Kf6 37. h4 Rd3 38. g5+ hxg5 39. hxg5+
Kxg5 40. Re7 Ra3 41. a5 b6 42. Rxa7 Rb3 43. axb6 Rxb4 44. Rb7 Rb3 45. Rb8 Kg4
46. b7 Rb2 47. Kg1 Rb1+ 48. Kh2 Rb2 49. Kg2 Rb1 50. f3+ Kg5 51. Kg3 Rg1+ 52.
Kh2 Rb1 53. Kg3 Rg1+ 54. Kf2 Rb1 55. Ke3 Rb3+ 56. Ke2 Rb2+ 57. Ke3 Rb3+ 58. Kf2
Rb2+ 59. Kg3 Rb3 60. Kg2 Rb2+ 61. Kg3 Rb1 1-0

[Event "4NCL Division 2a"]
[Site "Reading, ENG"]
[Date "2016.11.20"]
[Round "2.15"]
[White "Hosken, Nigel K"]
[Black "Klingher, Dominic"]
[Result "1/2-1/2"]
[WhiteElo "2091"]
[BlackElo "2027"]
[PlyCount "80"]
[EventDate "2016.11.20"]
[WhiteTeam "Downend & Fishponds"]
[BlackTeam "Barbican 4NCL Youth"]

1. d4 Nf6 2. c4 g6 3. Nc3 Bg7 4. e4 d6 5. Be2 O-O 6. Bg5 Nbd7 7. Qd2 a6 8. Nf3
e5 9. d5 Nc5 10. Qc2 h6 11. Bh4 g5 12. Bg3 Nh5 13. b4 Nd7 14. O-O Nf4 15. Nd2
Qf6 16. Nb3 Qg6 17. Bg4 Nf6 18. Bxc8 Raxc8 19. c5 h5 20. Bxf4 gxf4 21. f3 Kh8
22. Na5 Rb8 23. Rac1 Rg8 24. Kh1 Bf8 25. c6 b6 26. Nc4 h4 27. Rg1 Nh5 28. Ne2
Be7 29. Nb2 Nf6 30. h3 Rg7 31. Nd1 Rbg8 32. Nf2 Nh5 33. Ng4 Ra8 34. a4 a5 35.
b5 Rf8 36. Rcd1 Qg5 37. Qd3 Rg6 38. Qc2 Ng7 39. Nc3 Re8 40. Rde1 Nh5 1/2-1/2

[Event "4NCL Division 2a"]
[Site "Reading, ENG"]
[Date "2016.11.20"]
[Round "2.16"]
[White "Bhatia, Kanwal K"]
[Black "French, Max"]
[Result "1-0"]
[WhiteElo "2091"]
[BlackElo "1984"]
[PlyCount "109"]
[EventDate "2016.11.20"]
[WhiteTeam "Barbican 4NCL Youth"]
[BlackTeam "Downend & Fishponds"]

1. e4 c6 2. d4 d5 3. Nd2 dxe4 4. Nxe4 Bf5 5. Ng3 Bg6 6. h4 h6 7. Nf3 Nd7 8. h5
Bh7 9. Bd3 Bxd3 10. Qxd3 e6 11. Bd2 Ngf6 12. O-O-O Be7 13. Kb1 O-O 14. Ne4 Nxe4
15. Qxe4 Nf6 16. Qe2 Qd5 17. Be3 Ng4 18. Bc1 c5 19. dxc5 Qxc5 20. Nd4 Nf6 21.
g4 Qb6 22. Ka1 Rfd8 23. c3 Rd5 24. f4 Kf8 25. g5 Ng8 26. g6 Re8 27. gxf7 Kxf7
28. Rde1 Red8 29. Qe4 Bf6 30. Nxe6 Ne7 31. Nd4 Rxd4 32. cxd4 Rxd4 33. Qe2 Qc6
34. Kb1 Rb4 35. Qc2 Qf3 36. Rh2 a5 37. Qe2 Qd5 38. Rd1 Qf5+ 39. Qc2 Qb5 40. Qd3
Qa4 41. Rc2 Rd4 42. Qf3 Rxd1 43. Qxd1 Qe4 44. Qe2 Qd5 45. Bd2 Nc6 46. Qc4 Qxc4
47. Rxc4 Ke6 48. Bc3 Bxc3 49. Rxc3 Ne7 50. Rb3 g5 51. fxg5 hxg5 52. h6 Ng6 53.
Rb6+ Kf5 54. h7 Nh8 55. Kc2 1-0

[Event "4NCL Division 2a"]
[Site "Reading, ENG"]
[Date "2016.11.20"]
[Round "2.17"]
[White "Humphreys, Jerry G"]
[Black "Golding, William"]
[Result "1-0"]
[WhiteElo "2020"]
[BlackElo "1429"]
[PlyCount "53"]
[EventDate "2016.11.20"]
[WhiteTeam "Downend & Fishponds"]
[BlackTeam "Barbican 4NCL Youth"]

1. e4 d5 2. exd5 Nf6 3. d4 Nxd5 4. c4 Nf6 5. Nf3 Bg4 6. Be2 e6 7. Qb3 Qc8 8.
Nc3 Nbd7 9. Bf4 h6 10. Nb5 Kd8 11. Bxc7+ Ke8 12. Bd6 Kd8 13. O-O Ne4 14. Bxf8
Rxf8 15. Rfd1 a6 16. Nc3 Nxc3 17. Qxc3 f5 18. Rac1 g5 19. Rc2 Bxf3 20. Qxf3 g4
21. Qf4 h5 22. c5 Qc7 23. Qg5+ Nf6 24. d5 exd5 25. Rxd5+ Ke7 26. Bc4 Rad8 27.
Re2+ 1-0

[Event "4NCL Division 2a"]
[Site "Reading, ENG"]
[Date "2016.11.20"]
[Round "2.18"]
[White "Klingher, Bernard"]
[Black "Meadows, Michael"]
[Result "0-1"]
[WhiteElo "1368"]
[BlackElo "1961"]
[PlyCount "74"]
[EventDate "2016.11.20"]
[WhiteTeam "Barbican 4NCL Youth"]
[BlackTeam "Downend & Fishponds"]

1. d4 Nf6 2. Nf3 c5 3. c3 d5 4. Bf4 Nc6 5. e3 Bg4 6. h3 Bh5 7. g4 Bg6 8. Bb5 a6
9. Bxc6+ bxc6 10. Ne5 Qb6 11. Qb3 Qb5 12. Qxb5 cxb5 13. Nxg6 hxg6 14. dxc5 Nxg4
15. Bc7 e6 16. b4 Kd7 17. Bb6 Be7 18. Ke2 Bf6 19. a4 Ne5 20. axb5 axb5 21. Ra5
Rxa5 22. bxa5 Kc6 23. Na3 Nc4 24. Nxc4 dxc4 25. Kd2 Be7 26. a6 Ra8 27. Ra1 Bxc5
28. Bxc5 Kxc5 29. Kc2 Kb6 30. a7 Rxa7 31. Rxa7 Kxa7 32. Kb2 Kb6 33. Ka3 Kc5 34.
Kb2 b4 35. Kc2 b3+ 36. Kb2 Kd5 37. Ka3 Ke4 0-1

[Event "4NCL Division 2a"]
[Site "Reading, ENG"]
[Date "2016.11.20"]
[Round "2.21"]
[White "Therrien, Alex L"]
[Black "Birtwistle, Nigel"]
[Result "1/2-1/2"]
[WhiteElo "2238"]
[BlackElo "2110"]
[PlyCount "85"]
[EventDate "2016.11.20"]
[WhiteTeam "Sussex Martlets 1"]
[BlackTeam "Grantham Sharks 2"]

1. d4 Nf6 2. c4 g6 3. Nf3 Bg7 4. g3 c5 5. Bg2 O-O 6. O-O cxd4 7. Nxd4 d5 8.
cxd5 Nxd5 9. Nc3 Nxc3 10. bxc3 Nc6 11. Be3 Na5 12. Rb1 Nc4 13. Bc1 Qc7 14. Qb3
a6 15. a4 e5 16. Nc6 bxc6 17. Qxc4 Bf5 18. Be4 Bxe4 19. Qxe4 Rfd8 20. Be3 Rab8
21. Qc4 a5 22. Rfd1 Rxd1+ 23. Rxd1 h5 24. Kg2 Rb2 25. Bg5 Rb8 26. Qd3 Bf8 27.
Bd8 Qa7 28. Bf6 Qc5 29. Qd4 Bg7 30. Bxg7 Kxg7 31. Rd3 Rb3 32. Re3 Rxc3 33.
Qxe5+ Qxe5 34. Rxe5 c5 35. f4 Rc4 36. Kf3 Rxa4 37. Rxc5 Ra3+ 38. e3 Ra2 39. h3
f5 40. Rc7+ Kf6 41. g4 hxg4+ 42. hxg4 fxg4+ 43. Kxg4 1/2-1/2

[Event "4NCL Division 2a"]
[Site "Reading, ENG"]
[Date "2016.11.20"]
[Round "2.22"]
[White "Milson, Samuel A"]
[Black "Graham, David B"]
[Result "0-1"]
[WhiteElo "2084"]
[BlackElo "2160"]
[PlyCount "72"]
[EventDate "2016.11.20"]
[WhiteTeam "Grantham Sharks 2"]
[BlackTeam "Sussex Martlets 1"]

1. e4 c5 2. Nf3 d6 3. d4 cxd4 4. Nxd4 Nf6 5. Nc3 g6 6. f3 Bg7 7. Be3 Nc6 8. Qd2
O-O 9. Bc4 Bd7 10. h4 Qa5 11. h5 Nxh5 12. g4 Ne5 13. Bb3 Nf6 14. Bh6 Bh8 15. g5
Nh5 16. Rxh5 gxh5 17. Bxf8 Kxf8 18. O-O-O Rc8 19. Qh2 Rxc3 20. bxc3 Qxc3 21.
Kb1 Nc4 22. Bxc4 Bxd4 23. Rxd4 Qxd4 24. Bd3 Qb4+ 25. Kc1 Qe1+ 26. Kb2 Qb4+ 27.
Kc1 Qe1+ 28. Kb2 h4 29. f4 Qb4+ 30. Kc1 Qe1+ 31. Kb2 Kg8 32. e5 Qb4+ 33. Kc1
Qe1+ 34. Kb2 dxe5 35. f5 Qb4+ 36. Ka1 Qf4 0-1

[Event "4NCL Division 2a"]
[Site "Reading, ENG"]
[Date "2016.11.20"]
[Round "2.23"]
[White "Cumming, Rhys"]
[Black "Murphy, Hugh W"]
[Result "1/2-1/2"]
[WhiteElo "2154"]
[BlackElo "2105"]
[PlyCount "124"]
[EventDate "2016.11.20"]
[WhiteTeam "Sussex Martlets 1"]
[BlackTeam "Grantham Sharks 2"]

1. e4 c6 2. d4 d5 3. Nd2 dxe4 4. Nxe4 Nf6 5. Nxf6+ exf6 6. c3 Bd6 7. Bd3 O-O 8.
Ne2 Re8 9. Qc2 Kh8 10. O-O g6 11. Bd2 Qc7 12. Ng3 Be6 13. c4 Nd7 14. Bc3 Kg8
15. a4 f5 16. b4 Qd8 17. Rfd1 Nf6 18. b5 Ng4 19. Nf1 Qh4 20. g3 Qh5 21. f4 Rac8
22. bxc6 bxc6 23. Rab1 Nf6 24. Rb7 Rc7 25. Rxc7 Bxc7 26. Be2 Qh3 27. Ba1 Bd8
28. Bf3 Bd7 29. Qc3 Ne4 30. Bxe4 Rxe4 31. Re1 Bf6 32. Rxe4 fxe4 33. Qa5 h5 34.
Qxa7 h4 35. Qb8+ Kg7 36. Qb1 e3 37. Qe4 hxg3 38. Nxg3 Qg4 39. Kg2 Qd1 40. Bc3
Qc1 41. Qd3 c5 42. Ne2 Bh3+ 43. Kxh3 Qf1+ 44. Kg4 Qg2+ 45. Ng3 Kh7 46. f5 g5
47. Qf1 Qc2 48. Ba1 cxd4 49. Kf3 Kg8 50. Ne4 Be5 51. Bxd4 Bxd4 52. h3 Qxa4 53.
Nxg5 Qc6+ 54. Ne4 Qh6 55. Qg2+ Kf8 56. f6 Bxf6 57. Nxf6 Qxf6+ 58. Kxe3 Qc3+ 59.
Kf2 Qxc4 60. Qa8+ Kg7 61. Qg2+ Kh7 62. Qg4 Qxg4 1/2-1/2

[Event "4NCL Division 2a"]
[Site "Reading, ENG"]
[Date "2016.11.20"]
[Round "2.24"]
[White "Kafka, Graeme"]
[Black "Willson, Ollie"]
[Result "1/2-1/2"]
[WhiteElo "2061"]
[BlackElo "2053"]
[PlyCount "65"]
[EventDate "2016.11.20"]
[WhiteTeam "Grantham Sharks 2"]
[BlackTeam "Sussex Martlets 1"]

1. e4 c5 2. Nf3 e6 3. d4 cxd4 4. Nxd4 Nc6 5. Nc3 Qc7 6. Be3 a6 7. Be2 Nf6 8.
O-O Bb4 9. Na4 Be7 10. Nxc6 bxc6 11. Nb6 Rb8 12. Nxc8 Qxc8 13. Bd4 Nxe4 14. Qd3
Nf6 15. Qxa6 Qxa6 16. Bxa6 c5 17. Bc3 O-O 18. a4 d5 19. Be5 Rb6 20. Be2 Nd7 21.
a5 Rb7 22. Bc3 Ra8 23. b3 Rba7 24. Ra4 Nb8 25. Rfa1 Na6 26. Bd2 Bf6 27. R1a2
Rb8 28. g4 h6 29. f4 Kf8 30. Be3 d4 31. Bd2 Ke7 32. Bf3 Kd7 33. Kf2 1/2-1/2

[Event "4NCL Division 2a"]
[Site "Reading, ENG"]
[Date "2016.11.20"]
[Round "2.25"]
[White "Grant, David J"]
[Black "Varnam, Liam D"]
[Result "1-0"]
[WhiteElo "2064"]
[BlackElo "2123"]
[PlyCount "67"]
[EventDate "2016.11.20"]
[WhiteTeam "Sussex Martlets 1"]
[BlackTeam "Grantham Sharks 2"]

1. e4 e5 2. Nf3 Nc6 3. Bc4 Nf6 4. d3 Be7 5. c3 O-O 6. O-O d6 7. h3 Na5 8. Nbd2
Nxc4 9. Nxc4 Re8 10. a4 c6 11. Qe2 Bf8 12. Be3 g6 13. b4 Bg7 14. Rad1 Qc7 15.
b5 b6 16. Bc1 Be6 17. Ba3 c5 18. Ng5 d5 19. Nxe6 Rxe6 20. Ne3 Qb7 21. Ng4 Nxg4
22. hxg4 Rd8 23. c4 dxc4 24. dxc4 Rdd6 25. Rd5 Rxd5 26. exd5 a5 27. Bb2 Qc7 28.
Re1 Re8 29. Qe4 Qd7 30. Re3 Bh6 31. Re1 Bf4 32. g3 Qxg4 33. Qxf4 exf4 34. Rxe8#
1-0

[Event "4NCL Division 2a"]
[Site "Reading, ENG"]
[Date "2016.11.20"]
[Round "2.26"]
[White "Batchelor, Guy J"]
[Black "Norinkeviciute, Rasa"]
[Result "0-1"]
[WhiteElo "1952"]
[BlackElo "1987"]
[PlyCount "86"]
[EventDate "2016.11.20"]
[WhiteTeam "Grantham Sharks 2"]
[BlackTeam "Sussex Martlets 1"]

1. b3 c5 2. Bb2 d5 3. e3 Nf6 4. Nf3 a6 5. d4 Bg4 6. Be2 e6 7. O-O Nbd7 8. Nbd2
Bd6 9. h3 Bh5 10. Ne5 Bxe2 11. Qxe2 Qc7 12. Ndf3 O-O 13. c4 Rac8 14. Rac1 Qb8
15. a4 Rfd8 16. Rfd1 h6 17. Qd3 Be7 18. Qb1 cxd4 19. exd4 Ne4 20. Qd3 Bb4 21.
Qe3 Ndf6 22. c5 b6 23. Nd3 bxc5 24. dxc5 Ba5 25. Nde5 Qb4 26. Nd4 Qb7 27. Ba3
Bc7 28. Nec6 Re8 29. Ne7+ Rxe7 30. c6 Qb8 31. Bxe7 Bh2+ 32. Kf1 e5 33. Ne2 d4
34. Qd3 Nd5 35. Qxe4 Nxe7 36. g3 Qxb3 37. Nxd4 exd4 38. Qxe7 Qf3 39. Qd7 Qh1+
40. Ke2 Qe4+ 41. Kd2 Rb8 42. Rc2 Bxg3 43. fxg3 Qe3# 0-1

[Event "4NCL Division 2a"]
[Site "Reading, ENG"]
[Date "2016.11.20"]
[Round "2.27"]
[White "Higgs, Anthony R J"]
[Black "Summerscale, Claire E"]
[Result "1/2-1/2"]
[WhiteElo "1963"]
[BlackElo "1884"]
[PlyCount "52"]
[EventDate "2016.11.20"]
[WhiteTeam "Sussex Martlets 1"]
[BlackTeam "Grantham Sharks 2"]

1. d4 d5 2. Nf3 Nf6 3. e3 Bf5 4. Bd3 Bxd3 5. Qxd3 c6 6. Nbd2 e6 7. O-O Nbd7 8.
b3 Bd6 9. Bb2 O-O 10. Rfe1 Re8 11. e4 dxe4 12. Nxe4 Nxe4 13. Rxe4 Nf6 14. Rh4
h6 15. c4 a5 16. g4 Bf4 17. Qc2 b5 18. Rd1 a4 19. Ne5 axb3 20. axb3 Qb6 21. Rh3
Red8 22. Rhd3 Ra2 23. Qb1 Rda8 24. h3 bxc4 25. Nxc4 Qc7 26. Bc1 Nd5 1/2-1/2

[Event "4NCL Division 2a"]
[Site "Reading, ENG"]
[Date "2016.11.20"]
[Round "2.28"]
[White "Munshi, Aditya"]
[Black "Liu, David J"]
[Result "1/2-1/2"]
[WhiteElo "1699"]
[BlackElo "1911"]
[PlyCount "49"]
[EventDate "2016.11.20"]
[WhiteTeam "Grantham Sharks 2"]
[BlackTeam "Sussex Martlets 1"]

1. e4 e6 2. d4 d5 3. Nd2 Be7 4. e5 c5 5. c3 Nc6 6. Ndf3 cxd4 7. cxd4 Bb4+ 8.
Bd2 Qa5 9. a3 Bxd2+ 10. Qxd2 Qxd2+ 11. Kxd2 Na5 12. Ke1 Bd7 13. Rc1 Ne7 14. b4
Nac6 15. Bd3 f6 16. Kd2 fxe5 17. dxe5 O-O 18. Ne2 Rac8 19. Rhf1 Rxf3 20. gxf3
Nxe5 21. Rxc8+ Nxc8 22. f4 Nxd3 23. Kxd3 Bb5+ 24. Ke3 Nd6 25. Ra1 1/2-1/2

[Event "4NCL Division 2a"]
[Site "Reading, ENG"]
[Date "2016.11.20"]
[Round "2.31"]
[White "Rudd, Jack"]
[Black "Farrand, Tom"]
[Result "1-0"]
[WhiteElo "2212"]
[BlackElo "2184"]
[PlyCount "51"]
[EventDate "2016.11.20"]
[WhiteTeam "West is Best 1"]
[BlackTeam "CSC Dragons"]

1. d4 f5 2. c4 e6 3. Nc3 Bb4 4. e3 Nf6 5. Bd3 O-O 6. Nge2 b6 7. a3 Bxc3+ 8.
Nxc3 Bb7 9. f3 Qe7 10. O-O d6 11. d5 Nbd7 12. dxe6 Qxe6 13. Nb5 Ne8 14. Nd4 Qe5
15. f4 Qf6 16. Bxf5 Nc5 17. b4 g6 18. bxc5 gxf5 19. c6 Bxc6 20. Nxc6 Qxa1 21.
Qd5+ Kh8 22. Nd4 Ng7 23. g4 Qb1 24. gxf5 Nxf5 25. Nxf5 Qxf5 26. Bb2+ 1-0

[Event "4NCL Division 2a"]
[Site "Reading, ENG"]
[Date "2016.11.20"]
[Round "2.32"]
[White "Frostick, Clive A"]
[Black "Rees, Ioan"]
[Result "1/2-1/2"]
[WhiteElo "2176"]
[BlackElo "2274"]
[PlyCount "58"]
[EventDate "2016.11.20"]
[WhiteTeam "CSC Dragons"]
[BlackTeam "West is Best 1"]

1. e4 c5 2. Nf3 Nc6 3. d4 cxd4 4. Nxd4 e5 5. Nb5 d6 6. g3 Be7 7. Bg2 Nf6 8. h3
O-O 9. O-O Be6 10. N1c3 Qd7 11. Kh1 Na5 12. a4 Rfc8 13. Nd5 Nxd5 14. exd5 Bf5
15. c3 a6 16. Na3 Rab8 17. Be3 b5 18. axb5 axb5 19. Nc2 Nc4 20. Bc1 Bxc2 21.
Qxc2 Qc7 22. h4 Nb6 23. Qd3 Qc4 24. Rd1 Qxd3 25. Rxd3 Na4 26. Rd1 Nc5 27. Be3
Na4 28. Bc1 Bd8 29. Bf1 Nc5 1/2-1/2

[Event "4NCL Division 2a"]
[Site "Reading, ENG"]
[Date "2016.11.20"]
[Round "2.33"]
[White "Edgell, Ben P"]
[Black "Thompson, Ian D"]
[Result "1-0"]
[WhiteElo "2131"]
[BlackElo "2166"]
[PlyCount "83"]
[EventDate "2016.11.20"]
[WhiteTeam "West is Best 1"]
[BlackTeam "CSC Dragons"]

1. d4 d5 2. Nf3 Nf6 3. c4 c6 4. Qc2 g6 5. g3 Bg7 6. Bg2 O-O 7. O-O Bf5 8. Qb3
Qc8 9. Bf4 dxc4 10. Qxc4 Nbd7 11. Rc1 Nb6 12. Qb3 Nfd5 13. Bd2 Be4 14. a4 Rd8
15. a5 Nd7 16. Nc3 Nxc3 17. Bxc3 Bd5 18. Qa3 Bf8 19. Bb4 Re8 20. Bh3 f5 21. Bg2
Qd8 22. a6 b6 23. Ng5 e6 24. Bxf8 Nxf8 25. Nf3 Nd7 26. Qd6 c5 27. b4 cxb4 28.
Qxb4 Rc8 29. Qb5 Nb8 30. Rxc8 Qxc8 31. Ne5 Bxg2 32. Kxg2 Re7 33. h4 Rc7 34. h5
Kg7 35. Nf3 Nd7 36. hxg6 hxg6 37. d5 exd5 38. Qxd5 Nf6 39. Qe5 Qd8 40. Ng5 Qe7
41. Ne6+ Kf7 42. Qxc7 1-0

[Event "4NCL Division 2a"]
[Site "Reading, ENG"]
[Date "2016.11.20"]
[Round "2.34"]
[White "Coates, Kenneth G"]
[Black "Stephens, John KF"]
[Result "1/2-1/2"]
[WhiteElo "2127"]
[BlackElo "2140"]
[PlyCount "51"]
[EventDate "2016.11.20"]
[WhiteTeam "CSC Dragons"]
[BlackTeam "West is Best 1"]

1. d4 Nf6 2. Nf3 d5 3. Bf4 c5 4. c3 Nc6 5. e3 Qb6 6. Qb3 c4 7. Qxb6 axb6 8. Na3
Ra5 9. Be2 e6 10. Nc2 Be7 11. O-O O-O 12. Nd2 b5 13. a3 Ra8 14. Bf3 Bd7 15.
Rfe1 h6 16. h3 Rfe8 17. Bg3 Bf8 18. e4 dxe4 19. Nxe4 Nd5 20. Nd6 Bxd6 21. Bxd6
Na5 22. Re2 Bc6 23. Rae1 Nf6 24. Bxc6 Nxc6 25. f3 Red8 26. Bg3 1/2-1/2

[Event "4NCL Division 2a"]
[Site "Reading, ENG"]
[Date "2016.11.20"]
[Round "2.35"]
[White "Stewart, Joseph J"]
[Black "Fegan, Chris"]
[Result "1-0"]
[WhiteElo "2150"]
[BlackElo "2090"]
[PlyCount "81"]
[EventDate "2016.11.20"]
[WhiteTeam "West is Best 1"]
[BlackTeam "CSC Dragons"]

1. e4 c5 2. Nf3 d6 3. d4 cxd4 4. Nxd4 Nf6 5. Nc3 g6 6. Be3 Bg7 7. f3 O-O 8. Qd2
Nc6 9. O-O-O Bd7 10. g4 Qa5 11. Nb3 Qc7 12. Be2 a5 13. a4 Nb4 14. Kb1 Rfc8 15.
Rc1 Be6 16. Nd4 Bc4 17. Ndb5 Qd7 18. Bxc4 Rxc4 19. b3 Rc6 20. g5 Ne8 21. Nd5
Nxd5 22. exd5 Rcc8 23. Bd4 Qf5 24. Bxg7 Nxg7 25. Rhe1 Qd7 26. Re2 Nf5 27. Rce1
Rc5 28. c4 Re8 29. Qf4 e5 30. Qg4 Rcc8 31. h4 Rf8 32. h5 Qd8 33. Rh2 Qb6 34.
Reh1 Qe3 35. Ka2 Nd4 36. Nxd4 exd4 37. hxg6 fxg6 38. Qd7 h5 39. gxh6 Qe5 40.
Rg2 g5 41. Rh5 1-0

[Event "4NCL Division 2a"]
[Site "Reading, ENG"]
[Date "2016.11.20"]
[Round "2.36"]
[White "Scrimgour, Alan"]
[Black "Littlejohns, David P"]
[Result "1/2-1/2"]
[WhiteElo "2078"]
[BlackElo "2006"]
[PlyCount "33"]
[EventDate "2016.11.20"]
[WhiteTeam "CSC Dragons"]
[BlackTeam "West is Best 1"]

1. e4 c6 2. d4 d5 3. exd5 cxd5 4. c4 Nf6 5. Nc3 Nc6 6. Bg5 e6 7. Nf3 Be7 8. Bd3
O-O 9. O-O dxc4 10. Bxc4 Nd5 11. Bxe7 Ncxe7 12. Rc1 b6 13. Bd3 Ng6 14. Nxd5
Qxd5 15. Re1 Qd8 16. Be4 Rb8 17. d5 1/2-1/2

[Event "4NCL Division 2a"]
[Site "Reading, ENG"]
[Date "2016.11.20"]
[Round "2.37"]
[White "Homer, Stephen J"]
[Black "Ismailov, Roman"]
[Result "1-0"]
[WhiteElo "2005"]
[BlackElo "2065"]
[PlyCount "57"]
[EventDate "2016.11.20"]
[WhiteTeam "West is Best 1"]
[BlackTeam "CSC Dragons"]

1. e4 c6 2. d4 d5 3. f3 dxe4 4. fxe4 e5 5. Nf3 exd4 6. Bc4 Nf6 7. Ng5 Be6 8.
Nxe6 fxe6 9. O-O e5 10. Qf3 Nbd7 11. g4 h6 12. h4 b5 13. Bb3 Qe7 14. g5 hxg5
15. hxg5 Ng8 16. Bf7+ Kd8 17. a4 Ngf6 18. Bg6 Ne8 19. axb5 cxb5 20. Bd2 Nd6 21.
Ba5+ Kc8 22. Qg4 Kb7 23. Bb4 Rc8 24. Rf7 Rxc2 25. Rxe7 Rc1+ 26. Kg2 Rc2+ 27.
Nd2 Bxe7 28. Qxd7+ Rc7 29. Rxa7+ 1-0

[Event "4NCL Division 2a"]
[Site "Reading, ENG"]
[Date "2016.11.20"]
[Round "2.38"]
[White "Zhu, Richard"]
[Black "Howell, Oliver W"]
[Result "1-0"]
[WhiteElo "2033"]
[BlackElo "1562"]
[PlyCount "73"]
[EventDate "2016.11.20"]
[WhiteTeam "CSC Dragons"]
[BlackTeam "West is Best 1"]

1. d4 e6 2. c4 Nf6 3. g3 d5 4. Bg2 dxc4 5. Nf3 c5 6. O-O Nc6 7. Qa4 Bd7 8. Qxc4
b5 9. Qd3 c4 10. Qc2 Rc8 11. Nc3 Be7 12. a3 Qa5 13. Bd2 Qb6 14. Rfd1 O-O 15. e4
b4 16. Na4 Nxd4 17. Nxb6 Nxc2 18. Nxc8 Rxc8 19. Rac1 b3 20. Bg5 Ba4 21. e5 Nd5
22. Bxe7 Nxe7 23. Ne1 g6 24. Be4 c3 25. bxc3 Rxc3 26. Bxc2 bxc2 27. Rd4 Rxa3
28. Nxc2 Bxc2 29. Rxc2 a5 30. Rd8+ Kg7 31. Rc7 Nd5 32. Ra7 Ra1+ 33. Kg2 a4 34.
Rdd7 a3 35. Rxf7+ Kh6 36. h4 a2 37. Rxh7# 1-0

[Event "4NCL Division 2a"]
[Site "Reading, ENG"]
[Date "2016.11.20"]
[Round "2.41"]
[White "Richardson, John R"]
[Black "Stepanyan, Henrik"]
[Result "0-1"]
[WhiteElo "2290"]
[BlackElo "2155"]
[PlyCount "70"]
[EventDate "2016.11.20"]
[WhiteTeam "The ADs"]
[BlackTeam "Warwickshire Select 2"]

1. d4 d5 2. c4 e6 3. Nc3 c5 4. cxd5 exd5 5. Nf3 Nc6 6. g3 Nf6 7. Bg2 Be7 8. O-O
O-O 9. Bg5 c4 10. Ne5 Be6 11. b3 Qa5 12. Qd2 Bb4 13. Nxc6 bxc6 14. Bxf6 gxf6
15. Rfc1 Rad8 16. Qc2 c5 17. dxc5 Qxc5 18. Na4 Qd4 19. Rd1 Qe5 20. bxc4 dxc4
21. Rab1 a5 22. e4 c3 23. Nb6 f5 24. Nd5 fxe4 25. Nxb4 Rxd1+ 26. Rxd1 axb4 27.
Bxe4 f5 28. Bg2 Qa5 29. Qc1 f4 30. gxf4 Bxa2 31. Qa1 Qa3 32. Rd7 Qb2 33. Qe1 c2
34. Rc7 Qb1 35. Kf1 Re8 0-1

[Event "4NCL Division 2a"]
[Site "Reading, ENG"]
[Date "2016.11.20"]
[Round "2.42"]
[White "Hunt, Malcolm A"]
[Black "Snape, Ian L"]
[Result "0-1"]
[WhiteElo "2054"]
[BlackElo "2275"]
[PlyCount "92"]
[EventDate "2016.11.20"]
[WhiteTeam "Warwickshire Select 2"]
[BlackTeam "The ADs"]

1. d4 c5 2. c3 cxd4 3. cxd4 d5 4. Nf3 Nf6 5. Nc3 Nc6 6. Bf4 a6 7. e3 Bg4 8. h3
Bxf3 9. Qxf3 e6 10. Bd3 Be7 11. Rc1 Rc8 12. O-O O-O 13. Bg5 Nd7 14. Bxe7 Qxe7
15. Qe2 f5 16. f4 Na5 17. b3 Qb4 18. Qd2 Rc6 19. Nb1 Qb6 20. Rxc6 Nxc6 21. Be2
Nf6 22. Nc3 Qb4 23. Rc1 Rc8 24. Nb1 Qd6 25. Nc3 b5 26. Bf3 Ne7 27. Ne2 Rc6 28.
Qa5 Kf7 29. Rxc6 Qxc6 30. Nc3 Ne4 31. Bxe4 dxe4 32. Qb4 Nd5 33. Nxd5 exd5 34.
Kh2 h6 35. a3 g5 36. fxg5 Qc7+ 37. Kg1 Qc1+ 38. Kh2 Qxe3 39. Qd6 Qxg5 40. Qxd5+
Kg6 41. Qe6+ Kh5 42. d5 Qf4+ 43. Kh1 Kh4 44. d6 Kg3 45. Qg6+ Kf2 46. d7 Qc1+
0-1

[Event "4NCL Division 2a"]
[Site "Reading, ENG"]
[Date "2016.11.20"]
[Round "2.43"]
[White "Prizant, Michael"]
[Black "Paterson, Andrew I"]
[Result "0-1"]
[WhiteElo "2140"]
[BlackElo "2080"]
[PlyCount "58"]
[EventDate "2016.11.20"]
[WhiteTeam "The ADs"]
[BlackTeam "Warwickshire Select 2"]

1. e4 c5 2. c3 Nf6 3. e5 Nd5 4. d4 cxd4 5. Nf3 Nc6 6. cxd4 d6 7. a3 g6 8. Bc4
Nb6 9. Bb5 dxe5 10. Nxe5 Bd7 11. Bxc6 Bxc6 12. Nxc6 bxc6 13. Be3 Bg7 14. Nc3
O-O 15. O-O e6 16. Rc1 Rc8 17. Ne2 Nd5 18. Nc3 Qb6 19. b4 Nxe3 20. fxe3 e5 21.
Na4 Qa6 22. dxe5 Rcd8 23. Qb3 Rd3 24. Rc3 Rxc3 25. Nxc3 Qd3 26. Rb1 Qxe3+ 27.
Kh1 Bxe5 28. Na4 Qf4 29. Qh3 Rd8 0-1